000 01441nam a22003617a 4500
003 CHAP
005 20220329143332.0
008 080917s2008 mx a r 00010 spa d
010 _a95126
011 _a96098
035 _a106739
040 _cCHAP
090 _aTesis
100 1 _aOrtiz Hernández, Josué.
_983984
245 1 0 _aRetos y alcances de los servicios de la administración portuaria integral de Manzanillo S.A. de C. V. bajo el enfoque del programa maestro de desarrollo portuario 2000 - 2010
_c/por Josué Ortiz Hernández
260 _aChapingo, Méx. :
_bEl autor,
_c2008
300 _a92 h. :
_bcuadros
502 _aTesis (Lic. en Comercio Internacional de Productos Agropecuarios) -- UACH. División de Ciencias Económico Administrativas
590 _aALEPH
_b10
_c20130110
_lUCH01
_h1523
590 _aBATCH-UPD
_b10
_c20130110
_lUCH01
_h0641
590 _aBATCH-UPD
_b10
_c20130410
_lUCH01
_h0325
590 _aBATCH-UPD
_b10
_c20130913
_lUCH01
_h1936
590 _aCONVERSION
_b10
_c20130109
_lUCH01
_h1353
650 1 4 _aAdministración.
_9918
650 1 4 _aComercio exterior
_zMéxico.
_925638
650 1 4 _aComercio internacional.
_925641
650 1 4 _aPuertos.
_992938
650 1 4 _aTransporte maritimo.
_9114642
901 _aBK
942 _cFOLL
949 _aTesis
_bBC
_cTES
_d33724002068991
_eTS1
_gDonaciØn
_h47046
_i106739
_sb
949 _aTesis
_bBC
_cTES
_d33724002069033
_eTS2
_fc.2
_gDonaciØn
_h47047
_i106739
_sb
999 _c95126
_d95126